[Event "11. Lovsprings EMT Mesterklassen 2000"]
[Site "Ringsted"]
[Date "2000.04.07"]
[Round "3"]
[White "Kronow, Jacob"]
[Black "Jorgensen, Michael"]
[Result "0-1"]
[WhiteElo "2000"]
[BlackElo "2257"]
[PlyCount "108"]
[EventDate "2000.??.??"]

1. d4 f5 2. e4 fxe4 3. Nc3 Nf6 4. f3 d5 5. fxe4 dxe4 6. Bc4 Bf5 7. Bg5 Nc6 8.
d5 Ne5 9. Bb3 Nf7 10. Bxf6 exf6 11. Qe2 Be7 12. Ba4+ Bd7 13. Qxe4 O-O 14. Bxd7
Qxd7 15. O-O-O Rae8 16. Nf3 Bc5 17. Qc4 Be3+ 18. Kb1 Nd6 19. Qd3 Qg4 20. Nd4
Bxd4 21. Qxd4 Qxd4 22. Rxd4 Re3 23. Kc1 Rfe8 24. Rf1 Kf7 25. Kd2 R8e7 26. Rf2
g5 27. Re2 Rxe2+ 28. Nxe2 f5 29. Nc3 Kf6 30. b3 h6 31. Rd3 f4 32. g3 Kf5 33.
gxf4 gxf4 34. Rh3 Kg5 35. Kd3 h5 36. Nd1 Ne4 37. Rf3 Kg4 38. Rf1 Nf6 39. c4 Kf5
40. h3 Rg7 41. Ke2 Ne4 42. Rf3 Rg2+ 43. Nf2 Rh2 44. b4 Ke5 45. Ke1 Nxf2 46.
Rxf2 Rxh3 47. Kf1 f3 48. Ke1 Ke4 49. Kd2 Kd4 50. c5 Kxd5 51. Ke3 Kc4 52. a3 Kb3
53. Kd3 c6 54. a4 a6 0-1

[Event "11. Lovsprings EMT Mesterklassen 2000"]
[Site "Ringsted"]
[Date "2000.04.07"]
[Round "3"]
[White "Madsen, Hans Henrik"]
[Black "Jensen, Leif"]
[Result "1-0"]
[WhiteElo "2062"]
[BlackElo "2138"]
[PlyCount "86"]
[EventDate "2000.??.??"]

1. e4 e6 2. d3 d5 3. Qe2 Be7 4. Nf3 c5 5. g3 Nc6 6. Bg2 d4 7. O-O Nf6 8. Nbd2
Qc7 9. Nc4 e5 10. a4 Be6 11. b3 h6 12. Nh4 Bxc4 13. bxc4 Nh7 14. Nf5 Bf6 15.
Rb1 Rb8 16. Bd2 Ng5 17. f4 Ne6 18. Bh3 g6 19. fxe5 Nxe5 20. Nd6+ Qxd6 21. Rxf6
Qe7 22. Rbf1 Ng5 23. Bg2 Rd8 24. h4 Ne6 25. Bh3 Rd6 26. Qd1 g5 27. h5 g4 28.
Bg2 Nf3+ 29. R6xf3 gxf3 30. Qxf3 Ng5 31. Qf5 Re6 32. Bf4 Rc6 33. e5 Rc7 34. Bd5
Ne6 35. Qg4 Kf8 36. Bd2 Ke8 37. Rf6 b6 38. Bxe6 Rc6 39. Bxf7+ Kd8 40. Rxc6 Qxf7
41. Rc8+ Ke7 42. Rc7+ Kf8 43. Rxf7+ Kxf7 1-0

[Event "11. Lovsprings EMT Mesterklassen 2000"]
[Site "Ringsted"]
[Date "2000.04.10"]
[Round "3"]
[White "Preuss, Flemming"]
[Black "Mortensen, Martin Lind"]
[Result "1-0"]
[WhiteElo "1910"]
[BlackElo "2008"]
[PlyCount "55"]
[EventDate "2000.??.??"]

1. g3 e5 2. Bg2 d5 3. c4 d4 4. e4 Be6 5. d3 Bd6 6. Ne2 Nc6 7. O-O Qd7 8. f4 f6
9. Nd2 exf4 10. gxf4 Bg4 11. Nf3 Nge7 12. a3 a5 13. b3 Ng6 14. Qe1 h5 15. Bd2
O-O 16. Qf2 Bc5 17. Kh1 Qd6 18. Rg1 Bxa3 19. h3 Bd7 20. Qg3 Be8 21. Rxa3 Qxa3
22. Nfxd4 Nxd4 23. Nxd4 Qd6 24. Nf5 Qd7 25. Bf3 Qxd3 26. Ne7+ Kf7 27. Nxg6 Rg8
28. Ne5+ 1-0

[Event "11. Lovsprings EMT Mesterklassen 2000"]
[Site "Ringsted"]
[Date "2000.04.07"]
[Round "3"]
[White "Rasmussen, Bo"]
[Black "Frederiksen, Obert"]
[Result "0-1"]
[WhiteElo "2046"]
[BlackElo "1955"]
[PlyCount "54"]
[EventDate "2000.??.??"]

1. d4 d5 2. c4 c6 3. Nf3 Nf6 4. Nc3 g6 5. cxd5 cxd5 6. Bg5 Ne4 7. Bh4 Bg7 8. e3
O-O 9. Nxe4 dxe4 10. Ng5 e5 11. Bc4 h6 12. Nxf7 Qxh4 13. Ng5+ Kh8 14. Nf7+ Kh7
15. dxe5 Bxe5 16. Qd5 Bxb2 17. Qd6 Bc3+ 18. Kf1 Bg7 19. Rc1 Nc6 20. f4 exf3 21.
gxf3 Bh3+ 22. Ke2 Qf6 23. Qxf6 Bxf6 24. Nd6 Bg2 25. Rhg1 Bxf3+ 26. Kxf3 Be7+
27. Nf7 Ne5+ 0-1

[Event "11. Lovsprings EMT Mesterklassen 2000"]
[Site "Ringsted"]
[Date "2000.04.14"]
[Round "4"]
[White "Arnkilde, Anders"]
[Black "Kronow, Jacob"]
[Result "0-1"]
[WhiteElo "1985"]
[BlackElo "2000"]
[PlyCount "80"]
[EventDate "2000.??.??"]

1. e4 e5 2. Nf3 Nf6 3. Nc3 Nc6 4. Bb5 d6 5. d4 exd4 6. Qxd4 Bd7 7. Bxc6 Bxc6 8.
Bg5 h6 9. Bxf6 Qxf6 10. Qxf6 gxf6 11. Nd5 O-O-O 12. O-O-O Re8 13. Rhe1 Be7 14.
Nh4 Bd8 15. Nf5 Bd7 16. Nd4 Rhg8 17. g3 c6 18. Nc3 Ba5 19. f3 Rg5 20. Nde2 Bc7
21. f4 Rgg8 22. Rd3 f5 23. Nd4 fxe4 24. Rxe4 d5 25. Re2 Bg4 26. Nf3 f6 27. Rde3
Rxe3 28. Rxe3 Bb6 29. Rd3 Re8 30. Kd1 Be3 31. Ke2 Bxf4+ 32. Kf2 Bc7 33. Nh4
Bb6+ 34. Kg2 Re1 35. h3 Be2 36. Nf3 Bf1+ 37. Kh2 Rc1 38. Rd2 Be3 39. Rd1 Rxc2+
40. Kh1 Bxh3 0-1

[Event "11. Lovsprings EMT Mesterklassen 2000"]
[Site "Ringsted"]
[Date "2000.04.14"]
[Round "4"]
[White "Frederiksen, Obert"]
[Black "Christensen, Henrik"]
[Result "1-0"]
[WhiteElo "1955"]
[BlackElo "1870"]
[PlyCount "83"]
[EventDate "2000.??.??"]

1. Nf3 Nf6 2. g3 d5 3. b3 c5 4. Bb2 Nc6 5. Bg2 Qc7 6. O-O e5 7. d3 Bg4 8. Nbd2
Be7 9. c3 Bxf3 10. exf3 h5 11. h3 Qd7 12. Re1 O-O 13. Qc2 Qf5 14. Rad1 Rad8 15.
Qb1 Bd6 16. Nf1 d4 17. g4 Qg6 18. c4 Nh7 19. Ng3 f5 20. Nxf5 Rxf5 21. gxf5 Qxf5
22. Bc1 Ne7 23. Qc2 g5 24. Re4 Ng6 25. Qe2 Rf8 26. Re1 Nf6 27. Rf1 Kf7 28. Kh2
Ke7 29. Kg1 Kd7 30. a3 Kc7 31. b4 cxb4 32. axb4 Bxb4 33. Qb2 a5 34. Bd2 Bxd2
35. Qxd2 b6 36. c5 Nxe4 37. cxb6+ Kb7 38. dxe4 Qf6 39. Qxa5 Qc6 40. Qa7+ Kc8
41. Ra1 Kd8 42. b7 1-0

[Event "11. Lovsprings EMT Mesterklassen 2000"]
[Site "Ringsted"]
[Date "2000.04.14"]
[Round "4"]
[White "Haar, Bjarne"]
[Black "Rasmussen, Bo"]
[Result "0-1"]
[WhiteElo "1986"]
[BlackElo "2046"]
[PlyCount "90"]
[EventDate "2000.??.??"]

1. e4 c5 2. Nc3 Nc6 3. Nf3 e6 4. d4 cxd4 5. Nxd4 a6 6. Nxc6 bxc6 7. e5 Qc7 8.
Qd4 Ne7 9. Bd3 Ng6 10. f4 Rb8 11. Ne4 c5 12. Qc3 Bb7 13. Be3 Bxe4 14. Bxe4 Be7
15. O-O O-O 16. Rad1 Rfd8 17. b3 d5 18. exd6 Bxd6 19. g3 Be7 20. Qc4 Qb6 21.
Bd3 a5 22. Qe4 f5 23. Qc4 Rd5 24. Be2 Rbd8 25. Kf2 Nf8 26. a3 Bf6 27. Rxd5 exd5
28. Qxc5 Qxc5 29. Bxc5 Rc8 30. Bb6 a4 31. Bd1 Nd7 32. Be3 Bb2 33. bxa4 d4 34.
Bd2 Bxa3 35. Re1 Nc5 36. Re5 Nxa4 37. Ra5 Nb2 38. Rxa3 Nxd1+ 39. Ke2 Nb2 40. c3
d3+ 41. Kf3 Nc4 42. Ra2 Re8 43. Bc1 Re1 44. Ra4 Rxc1 45. Rxc4 d2 0-1

[Event "11. Lovsprings EMT Mesterklassen 2000"]
[Site "Ringsted"]
[Date "2000.04.14"]
[Round "4"]
[White "Jensen, Leif"]
[Black "Krogh, Peter Ove"]
[Result "1-0"]
[WhiteElo "2138"]
[BlackElo "1971"]
[PlyCount "101"]
[EventDate "2000.??.??"]

1. e4 c5 2. g3 d5 3. d3 dxe4 4. dxe4 Qxd1+ 5. Kxd1 Nc6 6. c3 Nf6 7. f3 e6 8.
Kc2 Be7 9. Be3 a6 10. Nd2 Bd7 11. Rd1 b5 12. Nb3 c4 13. Nd4 g6 14. Nxc6 Bxc6
15. Bg2 e5 16. Bg5 Rd8 17. Rxd8+ Bxd8 18. Nh3 h6 19. Be3 g5 20. Nf2 Nd7 21. Rd1
Be7 22. Bh3 Nf6 23. Bb6 h5 24. Bc7 g4 25. Bxe5 Rh6 26. Bf4 Rg6 27. Bg2 gxf3 28.
Bxf3 Bc5 29. Nh3 Ng4 30. Re1 f6 31. Re2 Kf7 32. Bd2 Rg8 33. Nf4 f5 34. Bxg4
fxg4 35. e5 Rh8 36. e6+ Kf6 37. Be3 Be4+ 38. Kc1 Bxe3+ 39. Rxe3 Bg6 40. Nd5+
Kg7 41. Nc7 h4 42. e7 hxg3 43. Rxg3 Be8 44. Nxe8+ Rxe8 45. Rxg4+ Kf6 46. Re4
Rxe7 47. Rxe7 Kxe7 48. Kd2 Kf6 49. Ke3 Ke5 50. h3 a5 51. a3 1-0

[Event "11. Lovsprings EMT Mesterklassen 2000"]
[Site "Ringsted"]
[Date "2000.04.14"]
[Round "4"]
[White "Jorgensen, Michael"]
[Black "Hovmoller, Kristian"]
[Result "1-0"]
[WhiteElo "2257"]
[BlackElo "2052"]
[PlyCount "207"]
[EventDate "2000.??.??"]

1. d4 Nf6 2. c4 e6 3. Nf3 b6 4. a3 c5 5. d5 Ba6 6. Qc2 exd5 7. cxd5 g6 8. Nc3
Bg7 9. g3 O-O 10. Bg2 d6 11. O-O Re8 12. Re1 Nbd7 13. h3 b5 14. Bf4 Qb6 15. e4
Rac8 16. Bf1 Nh5 17. Be3 Bd4 18. Nd1 Bxe3 19. Nxe3 c4 20. Nd2 Nhf6 21. a4 Ne5
22. axb5 Bxb5 23. Qc3 Nxe4 24. Nxe4 Nf3+ 25. Kh1 Rxe4 26. Bg2 Nxe1 27. Bxe4 Re8
28. Ng4 Nd3 29. Bxd3 cxd3 30. Nh6+ Kf8 31. Qh8+ Ke7 32. Re1+ Kd8 33. Nxf7+ Kc7
34. Rxe8 Bxe8 35. Qxe8 Qxf2 36. Qc6+ Kb8 37. Qe8+ Kc7 38. Qc6+ Kb8 39. Qxd6+
Kb7 40. Qc6+ Kb8 41. Qb5+ Kc8 42. Nd6+ Kc7 43. Qc6+ Kd8 44. Qc8+ Ke7 45. Qc7+
Kf8 46. Qd8+ Kg7 47. Qe7+ Kg8 48. Qe6+ Kg7 49. Ne4 Qf1+ 50. Kh2 d2 51. Qe5+ Kg8
52. Qb8+ Kg7 53. Qxa7+ Kg8 54. Qb8+ Kg7 55. Qc7+ Kh6 56. Nxd2 Qf2+ 57. Kh1 Qe1+
58. Kg2 Qxd2+ 59. Kf3 Qxd5+ 60. Ke3 Qe6+ 61. Kd3 Qxh3 62. Qe5 Qf1+ 63. Kc3 Qf3+
64. Kc4 Qd1 65. b4 Qc2+ 66. Kd5 Qb3+ 67. Kc5 Qc2+ 68. Kb6 Qf2+ 69. Ka6 Qa2+ 70.
Kb7 Qf7+ 71. Kb6 Qf2+ 72. Kb5 Qc2 73. Qe3+ Kg7 74. Kb6 Kf7 75. b5 h5 76. Qf3+
Ke7 77. Kb7 Qf5 78. Qe3+ Kd7 79. Qd4+ Ke6 80. b6 Qf7+ 81. Ka6 Qf1+ 82. Ka7 Qf3
83. Qc4+ Kd7 84. Qb5+ Kd8 85. b7 Qa3+ 86. Qa6 Qe7 87. Qxg6 Qa3+ 88. Qa6 Qe7 89.
Qa5+ Ke8 90. Qxh5+ Kd8 91. Qh4 Qxh4 92. gxh4 Ke7 93. b8=Q Kf6 94. h5 Kg5 95. h6
Kxh6 96. Qg3 Kh5 97. Kb6 Kh6 98. Kc6 Kh7 99. Kd6 Kh6 100. Ke5 Kh7 101. Kf6 Kh8
102. Qh2+ Kg8 103. Qh1 Kf8 104. Qa8# 1-0

[Event "11. Lovsprings EMT Mesterklassen 2000"]
[Site "Ringsted"]
[Date "2000.04.14"]
[Round "4"]
[White "Mortensen, Martin Lind"]
[Black "Flindt, Thomas"]
[Result "0-1"]
[WhiteElo "2008"]
[BlackElo "1979"]
[PlyCount "118"]
[EventDate "2000.??.??"]

1. e4 c5 2. c3 Nf6 3. e5 Nd5 4. d4 cxd4 5. Nf3 e6 6. cxd4 d6 7. Nc3 dxe5 8.
Nxe5 Nc6 9. Nxc6 bxc6 10. Be2 Be7 11. O-O O-O 12. Na4 Rb8 13. b3 f5 14. Bb2 Bd6
15. Qc2 Rf6 16. Bc1 Rg6 17. f4 Qf6 18. Qxc6 Qxd4+ 19. Kh1 Bf8 20. Bb2 Qe3 21.
Bf3 Bb7 22. Qc1 Qd3 23. Rd1 Qb5 24. Be5 Rc8 25. Qd2 Bb4 26. Qf2 h6 27. Rac1 Qe8
28. Bh5 Nxf4 29. Bxg6 Nxg6 30. Rxc8 Qxc8 31. Qd4 Qc6 32. Rg1 h5 33. Bxg7 h4 34.
Bh6 e5 35. Qxb4 h3 36. Qc4+ Qxc4 37. bxc4 Nh4 38. Nc5 hxg2+ 39. Rxg2+ Bxg2+ 40.
Kg1 Kh7 41. Bd2 Nf3+ 42. Kxg2 Nxd2 43. Nd3 Nxc4 44. Kf2 Kg6 45. Kg3 f4+ 46. Kg4
Ne3+ 47. Kf3 Kf5 48. Nf2 Ng4 49. Nd1 Nxh2+ 50. Kg2 Ng4 51. Nc3 e4 52. Nb5 a6
53. Nc7 a5 54. Na6 Ke5 55. Nc5 Kd4 56. Nb3+ Ke3 57. Nxa5 f3+ 58. Kg3 f2 59.
Nc4+ Ke2 0-1

[Event "11. Lovsprings EMT Mesterklassen 2000"]
[Site "Ringsted"]
[Date "2000.04.14"]
[Round "4"]
[White "Nielsen, Torben"]
[Black "Madsen, Hans Henrik"]
[Result "0-1"]
[WhiteElo "1930"]
[BlackElo "2062"]
[PlyCount "48"]
[EventDate "2000.??.??"]

1. d4 Nf6 2. c4 c5 3. d5 b5 4. cxb5 a6 5. bxa6 Bxa6 6. Nc3 d6 7. e4 Bxf1 8.
Kxf1 g6 9. g4 Bg7 10. Kg2 O-O 11. f3 Qb6 12. Nge2 Na6 13. Rb1 e6 14. Bg5 Nc7
15. Qd2 exd5 16. Bxf6 Bxf6 17. Nxd5 Nxd5 18. Qxd5 Qa6 19. Nc1 Rfb8 20. b3 Bd4
21. h4 Qa5 22. Rd1 Qc3 23. Nd3 Rxa2+ 24. Kg3 Qc2 0-1

[Event "11. Lovsprings EMT Mesterklassen 2000"]
[Site "Ringsted"]
[Date "2000.04.14"]
[Round "4"]
[White "Pedersen, Hans Dahl"]
[Black "Bromann, Thorbjorn"]
[Result "1-0"]
[WhiteElo "2104"]
[BlackElo "2279"]
[PlyCount "57"]
[EventDate "2000.??.??"]

1. c4 e5 2. g3 Nf6 3. Bg2 d5 4. cxd5 Nxd5 5. Nf3 Nc6 6. O-O Be7 7. d4 exd4 8.
Nxd4 Nxd4 9. Qxd4 Nb4 10. Qxg7 Bf6 11. Qh6 Nc2 12. Nc3 Nxa1 13. Rd1 Bd4 14. e3
Qd6 15. exd4 Qxh6 16. Bxh6 Nc2 17. Nd5 Kd7 18. Bg7 Rd8 19. Rc1 c6 20. Nf6+ Kc7
21. Rxc2 Bf5 22. Rc5 Be6 23. Nxh7 Bxa2 24. h4 Re8 25. Be5+ Kb6 26. Nf6 Re7 27.
h5 a5 28. h6 Bb1 29. h7 1-0

[Event "11. Lovsprings EMT Mesterklassen 2000"]
[Site "Ringsted"]
[Date "2000.04.14"]
[Round "4"]
[White "Pedersen, Henrik Dahl"]
[Black "Nielsen, Max"]
[Result "0-1"]
[WhiteElo "2104"]
[BlackElo "2208"]
[PlyCount "102"]
[EventDate "2000.??.??"]

1. d4 Nf6 2. c4 c5 3. d5 b5 4. cxb5 a6 5. e3 g6 6. Nc3 Bg7 7. Nf3 O-O 8. bxa6
Bxa6 9. Bxa6 Nxa6 10. O-O d6 11. Nd2 Nd7 12. Nc4 Nb6 13. Nxb6 Qxb6 14. Qe2 Rfb8
15. e4 Qa5 16. Nd1 Nb4 17. Bg5 Rb7 18. Ne3 Nxa2 19. Nc4 Nc3 20. Qe1 Qxa1 21.
Qxa1 Ne2+ 22. Kh1 Rxa1 23. Rxa1 h6 24. Bd2 Kh7 25. f4 Nd4 26. e5 Nb3 27. Rd1
Nxd2 28. Rxd2 Rd7 29. g3 g5 30. Kg2 gxf4 31. gxf4 Kg6 32. Kf3 dxe5 33. fxe5 Kf5
34. Ke3 h5 35. Rf2+ Kg6 36. Ke4 f5+ 37. Rxf5 e6 38. Rf2 exd5+ 39. Kd3 dxc4+ 40.
Kxc4 Bxe5 41. Rg2+ Kf5 42. Kxc5 h4 43. b4 h3 44. Rf2+ Bf4 45. b5 Rd2 46. Rxd2
Bxd2 47. Kd4 Kf4 48. Kd3 Be3 49. Ke2 Bb6 50. Ke1 Kf3 51. Kf1 Bf2 0-1

[Event "11. Lovsprings EMT Mesterklassen 2000"]
[Site "Ringsted"]
[Date "2000.04.16"]
[Round "4"]
[White "Preuss, Flemming"]
[Black "Askgaard, Jens"]
[Result "1/2-1/2"]
[WhiteElo "1910"]
[BlackElo "2131"]
[PlyCount "64"]
[EventDate "2000.??.??"]

1. g3 d5 2. Bg2 Nf6 3. c4 d4 4. d3 e5 5. e4 Be7 6. f4 Nc6 7. Nf3 Bg4 8. h3 Bxf3
9. Qxf3 Qd7 10. g4 h6 11. Na3 O-O-O 12. Nc2 exf4 13. Bxf4 g5 14. Bg3 h5 15.
gxh5 Rxh5 16. O-O-O Rdh8 17. e5 g4 18. hxg4 Rxh1 19. Rxh1 Rxh1+ 20. Bxh1 Nxg4
21. Qe2 Ne3 22. Nxe3 Bg5 23. Bf3 Bxe3+ 24. Kc2 Qe7 25. Bg4+ Kb8 26. Qh2 a5 27.
Qh8+ Ka7 28. a3 Qg5 29. Qh5 Kb6 30. Qxg5 Bxg5 31. Bh5 f5 32. exf6 Bxf6 1/2-1/2

[Event "11. Lovsprings EMT Mesterklassen 2000"]
[Site "Ringsted"]
[Date "2000.04.28"]
[Round "5"]
[White "Askgaard, Jens"]
[Black "Flindt, Thomas"]
[Result "1/2-1/2"]
[WhiteElo "2131"]
[BlackElo "1979"]
[PlyCount "82"]
[EventDate "2000.??.??"]

1. d4 Nf6 2. c4 d6 3. Nc3 e5 4. e4 Be7 5. Nf3 Bg4 6. dxe5 Bxf3 7. Qxf3 dxe5 8.
Be2 Nbd7 9. O-O O-O 10. Nd5 c6 11. Nxe7+ Qxe7 12. Bd3 Rfd8 13. Qe2 Nc5 14. Bc2
Ne6 15. f3 Rd7 16. Be3 Nd4 17. Qf2 Rad8 18. Rac1 Ne8 19. Bb1 c5 20. Rfe1 Nc7
21. f4 exf4 22. Bxf4 Nce6 23. Be3 Ng5 24. Qg3 Nxe4 25. Bxe4 Qxe4 26. Bh6 Qg6
27. Qxg6 hxg6 28. Be3 Re8 29. Bxd4 Rxe1+ 30. Rxe1 Rxd4 31. Re8+ Kh7 32. Re7
Rd1+ 33. Kf2 Rd2+ 34. Kf3 Rxb2 35. Rxf7 a6 36. Rc7 Rxa2 37. Rxb7 Ra4 38. Ra7
Rxc4 39. Rxa6 Rd4 40. Rc6 Rd5 41. g4 Rd3+ 1/2-1/2

[Event "11. Lovsprings EMT Mesterklassen 2000"]
[Site "Ringsted"]
[Date "2000.04.28"]
[Round "5"]
[White "Jensen, Leif"]
[Black "Preuss, Flemming"]
[Result "0-1"]
[WhiteElo "2138"]
[BlackElo "1910"]
[PlyCount "122"]
[EventDate "2000.??.??"]

1. e4 c5 2. g3 e6 3. d3 d5 4. Bg2 Nf6 5. e5 Nfd7 6. f4 Nc6 7. c4 Be7 8. Nc3 d4
9. Ne4 Qc7 10. Bd2 b6 11. Nh3 Bb7 12. Nhg5 Bxg5 13. Nxg5 Ncxe5 14. Bxb7 Qxb7
15. O-O Nc6 16. Qh5 Nf6 17. Qh3 O-O-O 18. Rae1 Rde8 19. a3 h6 20. Nf3 h5 21. b4
Ng4 22. bxc5 bxc5 23. Rb1 Qa6 24. Rb3 f6 25. Rfb1 Kc7 26. Ne1 Rb8 27. Rxb8 Nxb8
28. Qg2 Nd7 29. f5 Rb8 30. Rxb8 Kxb8 31. fxe6 Qxe6 32. Bf4+ Nge5 33. Qe2 g5 34.
Bd2 Qg4 35. Qg2 Qd1 36. Ba5 Qa4 37. Bd8 Qxa3 38. Qd5 Qa6 39. Be7 Qc6 40. Qg8+
Kb7 41. Qh7 a5 42. Qxh5 g4 43. Qf5 a4 44. Qf2 Kc7 45. Qd2 Qb6 46. Qg2 Qe6 47.
Qa8 Qxe7 48. Nc2 Nxd3 49. Qa7+ Kd6 50. Qa6+ Ke5 51. Qxa4 Kf5 52. Qc6 N3e5 53.
Qd5 Qe6 54. Qxc5 Nxc5 55. Nxd4+ Ke4 56. Nxe6 Nxe6 57. c5 Nxc5 58. h3 Kf3 59.
Kh2 gxh3 60. Kxh3 Ng4 61. Kh4 Ne4 0-1

[Event "11. Lovsprings EMT Mesterklassen 2000"]
[Site "Ringsted"]
[Date "2000.04.28"]
[Round "5"]
[White "Jorgensen, Michael"]
[Black "Pedersen, Hans Dahl"]
[Result "1/2-1/2"]
[WhiteElo "2257"]
[BlackElo "2104"]
[PlyCount "71"]
[EventDate "2000.??.??"]

1. d4 d5 2. c4 c6 3. Nf3 Nf6 4. Nc3 e6 5. Bg5 h6 6. Bxf6 Qxf6 7. e3 Bd6 8. Rc1
Nd7 9. Bd3 dxc4 10. Bxc4 O-O 11. O-O Qe7 12. h3 Rd8 13. Qc2 Nf8 14. Qe4 Bd7 15.
Ne5 Be8 16. f4 f6 17. Nf3 Kh8 18. Qc2 Rac8 19. Qe2 Bb8 20. a3 c5 21. Ne4 cxd4
22. Nxd4 Bg6 23. Ng3 Bc7 24. Kh1 Bb6 25. Nf3 Bc7 26. Rfd1 Rxd1+ 27. Rxd1 Rd8
28. Rxd8 Bxd8 29. e4 Be8 30. Qd3 Bb6 31. f5 Bd7 32. fxe6 Bxe6 33. Bd5 Qd6 34.
Nf5 Qd7 35. g4 Ng6 36. Qd2 1/2-1/2

[Event "11. Lovsprings EMT Mesterklassen 2000"]
[Site "Ringsted"]
[Date "2000.04.28"]
[Round "5"]
[White "Krogh, Peter Ove"]
[Black "Haar, Bjarne"]
[Result "1-0"]
[WhiteElo "1971"]
[BlackElo "1986"]
[PlyCount "119"]
[EventDate "2000.??.??"]

1. c4 c5 2. Nf3 Nc6 3. d4 cxd4 4. Nxd4 Nf6 5. Nc3 g6 6. e4 d6 7. Be2 Bg7 8. O-O
O-O 9. Be3 Ne5 10. h3 b6 11. f4 Ned7 12. Nc6 Qe8 13. e5 dxe5 14. fxe5 Bb7 15.
Bf3 Nh5 16. Bg5 f6 17. exf6 Ndxf6 18. Bxf6 Nxf6 19. Ne5 Bxf3 20. Rxf3 Qc8 21.
Kh1 Qc5 22. Qe1 Rad8 23. b4 Qc7 24. Nb5 Qb7 25. Re3 Nh5 26. Rd1 Nf4 27. Nf3
Rde8 28. Nd6 Nxg2 29. Nxb7 Nxe1 30. Nxe1 Bf6 31. Kg2 Rc8 32. c5 Rc7 33. Nd8 Rc8
34. Ne6 Rfe8 35. Nf3 bxc5 36. Nxc5 a5 37. a3 axb4 38. axb4 Rb8 39. Nd7 Red8 40.
Nxf6+ exf6 41. Rxd8+ Rxd8 42. b5 Rb8 43. Nd4 Kf7 44. Kf3 f5 45. Kf4 h6 46. Re5
Rd8 47. Ke3 f4+ 48. Ke4 Rd6 49. Rd5 Rf6 50. Nf3 Ke7 51. Kd4 g5 52. Kc5 Rf8 53.
b6 Rc8+ 54. Kb5 Rc3 55. Nd4 Rxh3 56. b7 Rh1 57. Nc6+ Ke6 58. Nb4 Rb1 59. Rd3
Kf5 60. b8=Q 1-0

[Event "11. Lovsprings EMT Mesterklassen 2000"]
[Site "Ringsted"]
[Date "2000.04.28"]
[Round "5"]
[White "Kronow, Jacob"]
[Black "Frederiksen, Obert"]
[Result "1-0"]
[WhiteElo "2000"]
[BlackElo "1955"]
[PlyCount "71"]
[EventDate "2000.??.??"]

1. d4 d5 2. c4 e6 3. Nc3 Nf6 4. cxd5 exd5 5. Bg5 Be7 6. e3 O-O 7. Bd3 Nbd7 8.
Qf3 c5 9. Nge2 a6 10. O-O c4 11. Bc2 Nb6 12. Bxf6 Bxf6 13. Nf4 Be6 14. Nxe6
fxe6 15. Qh3 g6 16. Qxe6+ Kg7 17. Qg4 Qe7 18. a3 Rf7 19. Rae1 Raf8 20. g3 Qd6
21. Ne2 Kg8 22. h4 Rg7 23. Nf4 Re8 24. h5 gxh5 25. Qxh5 Ree7 26. Kg2 Qd7 27.
Rh1 Qd6 28. Qf3 Ref7 29. Rh6 Qd7 30. Reh1 Bd8 31. Qh5 Bc7 32. Ne6 c3 33. Nxg7
Rxg7 34. Bxh7+ Kf8 35. Bf5 Qf7 36. Rh8+ 1-0

[Event "11. Lovsprings EMT Mesterklassen 2000"]
[Site "Ringsted"]
[Date "2000.04.28"]
[Round "5"]
[White "Madsen, Hans Henrik"]
[Black "Hovmoller, Kristian"]
[Result "0-1"]
[WhiteElo "2062"]
[BlackElo "2052"]
[PlyCount "98"]
[EventDate "2000.??.??"]

1. d4 Nf6 2. Bg5 e6 3. e4 h6 4. Bxf6 Qxf6 5. e5 Qd8 6. Nf3 d5 7. exd6 Bxd6 8.
Nbd2 O-O 9. Bd3 c5 10. c3 Nc6 11. Qe2 cxd4 12. Nxd4 Nxd4 13. cxd4 Bb4 14. a3
Ba5 15. Qe3 Bb6 16. Nf3 e5 17. Qe4 f5 18. Bc4+ Kh7 19. Qe2 e4 20. Nd2 Qxd4 21.
Nb3 Qf6 22. O-O Be6 23. Rac1 Rac8 24. Nd2 Rfd8 25. b3 Bd4 26. Bxe6 Qxe6 27. Nc4
b5 28. Ne3 Rxc1 29. Rxc1 Bxe3 30. Qxe3 Rd3 31. Qxa7 Qxb3 32. h3 Qa2 33. Qb8
Qxa3 34. Rc8 Rd1+ 35. Kh2 Qd6+ 36. Qxd6 Rxd6 37. Rb8 Rd5 38. Kg3 g5 39. Rb6 f4+
40. Kg4 Re5 41. Rb7+ Kg8 42. Rc7 e3 43. fxe3 fxe3 44. Rc1 e2 45. Re1 b4 46. Kh5
Kg7 47. h4 b3 48. hxg5 Rxg5+ 49. Kh4 Re5 0-1

[Event "11. Lovsprings EMT Mesterklassen 2000"]
[Site "Ringsted"]
[Date "2000.04.28"]
[Round "5"]
[White "Mortensen, Martin Lind"]
[Black "Nielsen, Torben"]
[Result "1-0"]
[WhiteElo "2008"]
[BlackElo "1930"]
[PlyCount "59"]
[EventDate "2000.??.??"]

1. d4 d5 2. c4 e6 3. Nc3 Nf6 4. Nf3 Nbd7 5. Bf4 c6 6. e3 Qa5 7. Nd2 Bb4 8. Qc2
Nb6 9. c5 Na4 10. Nxa4 Bxd2+ 11. Qxd2 Qxa4 12. f3 O-O 13. Bd3 Re8 14. Qc3 b5
15. Bc2 Qc4 16. Qd2 a5 17. a3 a4 18. Kf2 b4 19. axb4 Qb5 20. Bd3 Qb7 21. Ra3
Nd7 22. Rha1 e5 23. dxe5 Nxe5 24. Bxe5 Rxe5 25. Rxa4 Rxa4 26. Rxa4 Rh5 27. Qc3
Rxh2 28. Qe5 Rxg2+ 29. Kxg2 Qd7 30. Bf5 1-0

[Event "11. Lovsprings EMT Mesterklassen 2000"]
[Site "Ringsted"]
[Date "2000.04.28"]
[Round "5"]
[White "Nielsen, Max"]
[Black "Bromann, Thorbjorn"]
[Result "1/2-1/2"]
[WhiteElo "2208"]
[BlackElo "2279"]
[PlyCount "112"]
[EventDate "2000.??.??"]

1. e4 e6 2. d4 d5 3. Nc3 Nf6 4. e5 Nfd7 5. f4 c5 6. Nf3 Nc6 7. Be3 cxd4 8. Nxd4
Bc5 9. Qd2 a6 10. O-O-O O-O 11. h4 Nxd4 12. Bxd4 b5 13. Rh3 b4 14. Na4 Bxd4 15.
Qxd4 a5 16. Bb5 Rb8 17. Bd3 Qc7 18. Re1 Qc6 19. b3 Ba6 20. Bxa6 Qxa6 21. Rg3
Kh8 22. h5 h6 23. Rge3 Qc6 24. g4 Rbc8 25. R1e2 Nc5 26. Nxc5 Qxc5 27. Qd2 a4
28. f5 Ra8 29. f6 axb3 30. Rxb3 Rxa2 31. Qxb4 Qxb4 32. Rxb4 gxf6 33. exf6 Ra1+
34. Rb1 Rxb1+ 35. Kxb1 Rb8+ 36. Kc1 Rb4 37. Rg2 Rf4 38. Kd2 Rxf6 39. Ke3 Kg7
40. Rg1 Kf8 41. c4 dxc4 42. Rc1 c3 43. Rxc3 Rf1 44. Rc4 Ke7 45. Ke2 Rf6 46. Ke3
e5 47. Rc5 Kd6 48. Rc4 Kd5 49. Ra4 Rb6 50. Ra8 Rb3+ 51. Kf2 e4 52. Ra6 Rf3+ 53.
Kg2 f6 54. g5 hxg5 55. h6 Rb3 56. Rxf6 Rb7 1/2-1/2

[Event "11. Lovsprings EMT Mesterklassen 2000"]
[Site "Ringsted"]
[Date "2000.04.28"]
[Round "5"]
[White "Rasmussen, Bo"]
[Black "Arnkilde, Anders"]
[Result "1-0"]
[WhiteElo "2046"]
[BlackElo "1985"]
[PlyCount "77"]
[EventDate "2000.??.??"]

1. d4 d5 2. c4 e6 3. Nc3 c5 4. cxd5 exd5 5. Nf3 Nc6 6. g3 Nf6 7. Bg2 Be7 8. O-O
O-O 9. b3 Ne4 10. Bb2 Bf6 11. Nxe4 dxe4 12. Nd2 cxd4 13. Nxe4 Be5 14. Nc5 Qe7
15. Nd3 Bf6 16. Re1 Rd8 17. Qc1 Be6 18. Qc5 Qd7 19. Rac1 Rac8 20. Qb5 Qe7 21.
Nc5 Bd5 22. e4 dxe3 23. Rxe3 Bxb2 24. Rxe7 Bxc1 25. Re1 Nd4 26. Qa4 Bxg2 27.
Kxg2 b5 28. Qxa7 Bg5 29. Ne4 Nc2 30. Re2 Bh6 31. f4 Rd1 32. Qb7 Rdd8 33. Nd6
Rb8 34. Qxf7+ Kh8 35. Qe6 Nd4 36. Nf7+ Kg8 37. Nxh6+ Kh8 38. Qg8+ Rxg8 39. Nf7#
1-0

[Event "11. Lovsprings EMT Mesterklassen 2000"]
[Site "Ringsted"]
[Date "2000.05.05"]
[Round "6"]
[White "Bromann, Thorbjorn"]
[Black "Jorgensen, Michael"]
[Result "0-1"]
[WhiteElo "2279"]
[BlackElo "2257"]
[PlyCount "78"]
[EventDate "2000.??.??"]

1. b3 f5 2. Bb2 d6 3. f4 Nc6 4. g3 e5 5. fxe5 dxe5 6. e4 fxe4 7. Bb5 Nf6 8. Qe2
Bd7 9. d3 Nd4 10. Bxd4 exd4 11. dxe4 Bb4+ 12. Nd2 Bxd2+ 13. Kxd2 c6 14. Bd3
Qa5+ 15. Kc1 O-O 16. h3 Rae8 17. Nf3 Bf5 18. Nd2 b5 19. g4 Qa3+ 20. Kd1 Bg6 21.
Qg2 Bf7 22. Rf1 Qd6 23. Kc1 a5 24. a4 bxa4 25. Rxa4 Nd7 26. Qg1 c5 27. Rxa5 Ne5
28. Kd1 Nxd3 29. cxd3 Qb6 30. Ra1 Bxb3+ 31. Ke2 c4 32. Rxf8+ Rxf8 33. dxc4 Bc2
34. Ke1 Re8 35. Qg2 Qb4 36. Ra2 Bxe4 37. Qf2 Bb1+ 38. Kd1 Bxa2 39. Qxd4 Bb3+
0-1

[Event "11. Lovsprings EMT Mesterklassen 2000"]
[Site "Ringsted"]
[Date "2000.05.05"]
[Round "6"]
[White "Christensen, Henrik"]
[Black "Askgaard, Jens"]
[Result "0-1"]
[WhiteElo "1870"]
[BlackElo "2131"]
[PlyCount "62"]
[EventDate "2000.??.??"]

1. d4 e6 2. c4 b6 3. Nc3 Bb7 4. Nf3 Bb4 5. Qb3 a5 6. a3 a4 7. Qc2 Bxc3+ 8. Qxc3
Nf6 9. Bf4 O-O 10. Nd2 d6 11. e3 Nbd7 12. Bd3 e5 13. dxe5 dxe5 14. Bg5 Nc5 15.
Bc2 Qe7 16. O-O-O Qe6 17. Bxf6 Qxf6 18. f4 Rfe8 19. Rhg1 Qe7 20. f5 Rad8 21. g4
Qh4 22. g5 Qxh2 23. f6 g6 24. e4 Rd6 25. Rh1 Qf4 26. Rxh7 Kxh7 27. Qh3+ Kg8 28.
Rh1 Qxd2+ 29. Kb1 Qxc2+ 30. Kxc2 Bxe4+ 31. Kc1 Nb3+ 0-1